| 000 | 00693nam a2200205 a 4500 | ||
|---|---|---|---|
| 003 | 0 | ||
| 005 | 20250404140609.0 | ||
| 008 | 071127s19uu xx 00 eng d | ||
| 050 |
_aPHS TP 339 _b.Z37 2007 |
||
| 100 | _aZara, Malcolm Jay. | ||
| 245 |
_aBiodiesel from corn (Zea mays) and coconut (Cocos nuciferia) / _cMalcolm Jay Zara. |
||
| 260 |
_aLas PiƱas City, Philippines : _bSouthville International School and Colleges, _c2007. |
||
| 300 |
_a45 pages : _billustrations ; _c28 cm. |
||
| 504 | _aIncludes bibliographical references. | ||
| 650 | _aBiodiesel fuels. | ||
| 650 | _aCorn oil as fuel. | ||
| 650 | _aCoconut oil as fuel. | ||
| 650 | _aAlternative fuels. | ||
| 942 |
_2lcc _cPASS |
||
| 999 |
_c97894 _d97894 |
||